000 00722nam a2200193 a 4500
008 190123s2003 ||||||||||||||||| || u
020 _a9780761973652
050 _aHD 62.6 Pat
100 _aPaton, Rob
245 1 0 _aManaging and measuring social enterprise
_cby Rob Paton
260 _aLondon:
_bSAGE
_c2003
300 _axiii, 192p.: ill.
350 _a1.00
650 _aPUBLIC ADMINISTRATION--EVALUATION
650 _aORGANIZATIONAL EFFECTIVENESS--MEASUREMENT
650 _aNONPROFIT ORGANIZATIONS--MANAGEMENT
650 _aPERFORMANCE--MANAGEMENT
995 _FCBU-MAIN LIBRARY (Kitwe)
_I1.00
_M1
_UAVAILABLE
_WJan 23, 2019
_ZMain Library Open Access Collection
999 _c50119
_d50119